[Event "World Chess Olympiad 2018"]
[Site "Batumi"]
[Date "2018.09.28"]
[Round "5"]
[Board "1"]
[WhiteFideId "8800081"]
[White "Black Richard"]
[BlackFideId "5600618"]
[Black "Zerafa Robert"]
[Result "1/2-1/2"]
[LiveChessVersion "1.4.8"]
[BlackElo "2085"]
[WhiteElo "2218"]

1. e4 {[%clk 1:30:37]} e5 {[%clk 1:30:58]} 2. Bc4 {[%clk 1:30:18]} Nc6
{[%clk 1:31:10]} 3. Nf3 {[%clk 1:30:09]} Bc5 {[%clk 1:31:22]} 4. d3
{[%clk 1:29:57]} Nf6 {[%clk 1:31:29]} 5. O-O {[%clk 1:30:08]} a6 {[%clk 1:27:52]}
6. c3 {[%clk 1:29:00]} Ba7 {[%clk 1:28:03]} 7. a4 {[%clk 1:24:43]} d6
{[%clk 1:27:51]} 8. h3 {[%clk 1:22:06]} Ne7 {[%clk 1:09:53]} 9. Bg5
{[%clk 1:16:28]} h6 {[%clk 1:07:07]} 10. Bxf6 {[%clk 1:13:59]} gxf6
{[%clk 1:04:49]} 11. Qb3 {[%clk 1:12:40]} Rh7 {[%clk 1:04:07]} 12. Nh4
{[%clk 1:09:57]} c6 {[%clk 0:55:57]} 13. Qc2 {[%clk 0:56:45]} f5 {[%clk 0:52:45]}
14. Nd2 {[%clk 0:56:29]} f4 {[%clk 0:50:08]} 15. Ndf3 {[%clk 0:53:21]} Ng6
{[%clk 0:44:32]} 16. Nxg6 {[%clk 0:50:49]} fxg6 {[%clk 0:43:48]} 17. d4
{[%clk 0:47:23]} Qf6 {[%clk 0:44:10]} 18. dxe5 {[%clk 0:46:27]} dxe5
{[%clk 0:44:26]} 19. Rad1 {[%clk 0:27:44]} g5 {[%clk 0:44:48]} 20. Nh2
{[%clk 0:25:00]} h5 {[%clk 0:44:42]} 21. Qd3 {[%clk 0:23:29]} Bb8
{[%clk 0:38:07]} 22. Rd2 {[%clk 0:12:15]} g4 {[%clk 0:37:23]} 23. Rfd1
{[%clk 0:12:09]} Bc7 {[%clk 0:37:15]} 24. Kh1 {[%clk 0:09:17]} Rg7
{[%clk 0:29:22]} 25. g3 {[%clk 0:05:38]} gxh3 {[%clk 0:28:13]} 26. gxf4
{[%clk 0:04:57]} Qxf4 {[%clk 0:27:45]} 27. f3 {[%clk 0:02:50]} Qg3
{[%clk 0:24:47]} 28. Qe3 {[%clk 0:02:24]} Bd7 {[%clk 0:22:19]} 29. Rg1
{[%clk 0:01:34]} Qxg1+ {[%clk 0:22:39]} 30. Qxg1 {[%clk 0:02:03]} Rxg1+
{[%clk 0:23:02]} 31. Kxg1 {[%clk 0:02:31]} Ke7 {[%clk 0:21:55]} 32. Nf1
{[%clk 0:02:37]} b5 {[%clk 0:22:00]} 33. axb5 {[%clk 0:02:36]} axb5
{[%clk 0:22:29]} 34. Bb3 {[%clk 0:02:35]} Bb6+ {[%clk 0:17:51]} 35. Kh2
{[%clk 0:02:46]} Ra1 {[%clk 0:18:13]} 36. Rd1 {[%clk 0:02:58]} Rxd1
{[%clk 0:17:37]} 37. Bxd1 {[%clk 0:03:27]} Kf6 {[%clk 0:17:17]} 38. Ng3
{[%clk 0:00:51]} h4 {[%clk 0:13:18]} 39. Nf5 {[%clk 0:01:20]} Bxf5
{[%clk 0:13:28]} 40. exf5 {[%clk 0:31:49]} Kxf5 {[%clk 0:42:02]} 41. Bc2+
{[%clk 0:32:19]} Kf4 {[%clk 0:36:44]} 42. Be4 {[%clk 0:32:45]} c5
{[%clk 0:37:01]} 43. b4 {[%clk 0:30:22]} cxb4 {[%clk 0:35:19]} 44. cxb4
{[%clk 0:30:49]} Bf2 {[%clk 0:33:51]} 45. Bc6 {[%clk 0:30:45]} Be1
{[%clk 0:33:55]} 46. Bxb5 {[%clk 0:31:03]} Kxf3 {[%clk 0:32:53]} 47. Bc6+
{[%clk 0:31:30]} Kg4 {[%clk 0:32:23]} 48. b5 {[%clk 0:31:14]} Bg3+
{[%clk 0:30:09]} 49. Kh1 {[%clk 0:31:41]} Bf2 {[%clk 0:25:12]} 50. Bd7+
{[%clk 0:30:16]} Kg3 {[%clk 0:25:39]} 51. Bc6 {[%clk 0:30:36]} Bb6
{[%clk 0:24:35]} 52. Bd5 {[%clk 0:30:47]} Bc7 {[%clk 0:20:53]} 53. Bc6
{[%clk 0:31:03]} Kf2 {[%clk 0:21:21]} 54. Be4 {[%clk 0:30:53]} Kg3
{[%clk 0:19:15]} 55. Bc6 {[%clk 0:31:17]} Kf2 {[%clk 0:18:55]} 56. Be4
{[%clk 0:27:58]} Kg3 {[%clk 0:17:54]} 57. Bc6 {[%clk 0:28:12]} h2
{[%clk 0:18:22]} 58. Be4 {[%clk 0:28:07]} Bb6 {[%clk 0:18:39]} 59. Bc6
{[%clk 0:28:30]} Bg1 {[%clk 0:18:58]} 60. Be4 {[%clk 0:28:20]} Kf4
{[%clk 0:18:31]} 61. Bc6 {[%clk 0:28:41]} e4 {[%clk 0:18:52]} 62. Bxe4
{[%clk 0:28:51]} 1/2-1/2

[Event "World Chess Olympiad 2018"]
[Site "Batumi"]
[Date "2018.09.28"]
[Round "5"]
[Board "2"]
[WhiteFideId "5601061"]
[White "Darmanin Jake"]
[BlackFideId "8800871"]
[Black "Gontcharov Serguei"]
[Result "1/2-1/2"]
[LiveChessVersion "1.4.8"]
[BlackElo "1875"]
[WhiteElo "2069"]

1. e4 {[%clk 1:30:54]} c5 {[%clk 1:30:50]} 2. Nf3 {[%clk 1:31:06]} e6
{[%clk 1:31:11]} 3. c3 {[%clk 1:31:22]} Nf6 {[%clk 1:27:35]} 4. e5
{[%clk 1:31:14]} Nd5 {[%clk 1:28:00]} 5. d4 {[%clk 1:29:21]} cxd4
{[%clk 1:24:02]} 6. cxd4 {[%clk 1:29:23]} b6 {[%clk 1:16:15]} 7. Nc3
{[%clk 1:24:30]} Bb7 {[%clk 1:16:25]} 8. Bd3 {[%clk 1:21:57]} Nxc3 9. bxc3
{[%clk 1:22:15]} Be7 {[%clk 1:12:28]} 10. O-O {[%clk 1:19:51]} O-O
{[%clk 1:09:07]} 11. Qe2 {[%clk 1:16:32]} d6 {[%clk 1:07:33]} 12. Bf4
{[%clk 1:12:44]} dxe5 {[%clk 1:05:52]} 13. Nxe5 {[%clk 1:06:55]} Nd7
{[%clk 1:04:22]} 14. Qc2 {[%clk 1:02:20]} Nf6 {[%clk 1:02:09]} 15. Rae1
{[%clk 0:54:11]} Qd5 {[%clk 1:01:16]} 16. f3 {[%clk 0:52:45]} Rac8
{[%clk 0:52:45]} 17. Qd2 {[%clk 0:43:03]} Qd8 {[%clk 0:48:15]} 18. Rc1
{[%clk 0:40:42]} Bd5 {[%clk 0:37:09]} 19. Bb1 {[%clk 0:36:21]} Re8
{[%clk 0:31:58]} 20. Rfe1 {[%clk 0:32:20]} Nh5 {[%clk 0:30:44]} 21. Bxh7+
{[%clk 0:19:00]} Kxh7 {[%clk 0:29:44]} 22. Nxf7 {[%clk 0:19:11]} Qd7
{[%clk 0:29:37]} 23. Qc2+ {[%clk 0:17:21]} Kg8 {[%clk 0:25:49]} 24. Ne5
{[%clk 0:13:54]} Qb7 {[%clk 0:22:46]} 25. Qg6 {[%clk 0:10:56]} Nxf4
{[%clk 0:22:06]} 26. Qf7+ {[%clk 0:11:23]} Kh7 {[%clk 0:22:17]} 27. Qxf4
{[%clk 0:11:21]} Rf8 {[%clk 0:18:18]} 28. Qg4 {[%clk 0:10:18]} Rf6
{[%clk 0:18:21]} 29. c4 {[%clk 0:08:50]} Bc6 {[%clk 0:18:10]} 30. Re3
{[%clk 0:06:43]} Rcf8 {[%clk 0:17:23]} 31. Rce1 {[%clk 0:06:21]} Be8
{[%clk 0:16:52]} 32. f4 {[%clk 0:05:05]} Rxf4 {[%clk 0:16:46]} 33. Rh3+
{[%clk 0:04:41]} Kg8 {[%clk 0:16:56]} 34. Qxe6+ {[%clk 0:04:55]} Bf7
{[%clk 0:15:49]} 35. Nxf7 {[%clk 0:04:37]} R4xf7 {[%clk 0:10:47]} 36. Qg6
{[%clk 0:03:08]} Rf6 {[%clk 0:06:36]} 37. Qh7+ {[%clk 0:03:31]} Kf7
{[%clk 0:07:01]} 38. Qh5+ {[%clk 0:02:14]} Kg8 {[%clk 0:02:46]} 39. Qh7+
{[%clk 0:02:37]} Kf7 {[%clk 0:03:11]} 40. Qh5+ {[%clk 0:32:59]} Kg8
{[%clk 0:31:29]} 41. Qh7+ {[%clk 0:27:52]} Kf7 1/2-1/2

[Event "World Chess Olympiad 2018"]
[Site "Batumi"]
[Date "2018.09.28"]
[Round "5"]
[Board "3"]
[WhiteFideId "8800170"]
[White "Lill Sami"]
[BlackFideId "5600359"]
[Black "Psaila Clarence"]
[Result "0-1"]
[LiveChessVersion "1.4.8"]
[BlackElo "2002"]
[WhiteElo "1844"]

1. c4 {[%clk 1:30:48]} f5 {[%clk 1:30:20]} 2. g3 {[%clk 1:31:05]} Nf6
{[%clk 1:30:45]} 3. Bg2 {[%clk 1:31:25]} d6 {[%clk 1:31:03]} 4. Nc3
{[%clk 1:31:48]} e5 {[%clk 1:31:15]} 5. d3 {[%clk 1:32:06]} c6 {[%clk 1:31:00]}
6. e4 {[%clk 1:32:23]} Be7 {[%clk 1:31:10]} 7. Nge2 {[%clk 1:32:34]} O-O
{[%clk 1:31:19]} 8. h3 {[%clk 1:32:51]} Na6 {[%clk 1:30:41]} 9. O-O
{[%clk 1:33:07]} Nc7 {[%clk 1:28:51]} 10. Rb1 {[%clk 1:32:38]} a5
{[%clk 1:27:35]} 11. a4 {[%clk 1:31:37]} fxe4 {[%clk 1:18:09]} 12. dxe4
{[%clk 1:31:47]} Be6 {[%clk 1:16:37]} 13. b3 {[%clk 1:28:03]} Qe8
{[%clk 1:11:50]} 14. g4 {[%clk 1:09:20]} Rd8 {[%clk 1:00:18]} 15. Ng3
{[%clk 1:00:06]} Qf7 {[%clk 0:47:44]} 16. Qe2 {[%clk 0:48:10]} g6
{[%clk 0:43:31]} 17. Be3 {[%clk 0:38:51]} Nd7 {[%clk 0:34:27]} 18. Bh6
{[%clk 0:32:02]} Rfe8 {[%clk 0:34:36]} 19. f4 {[%clk 0:28:22]} Bh4
{[%clk 0:25:03]} 20. fxe5 {[%clk 0:25:47]} Qe7 {[%clk 0:25:12]} 21. Nf5
{[%clk 0:15:37]} Bxf5 {[%clk 0:20:45]} 22. exd6 {[%clk 0:14:01]} Qxd6
{[%clk 0:20:19]} 23. gxf5 {[%clk 0:12:39]} g5 {[%clk 0:16:07]} 24. Bxg5
{[%clk 0:08:10]} Bxg5 {[%clk 0:16:30]} 25. Qg4 {[%clk 0:08:21]} h6
{[%clk 0:14:40]} 26. h4 {[%clk 0:07:14]} Nf6 {[%clk 0:13:41]} 27. Qf3
{[%clk 0:04:48]} Bxh4 {[%clk 0:13:07]} 28. Ne2 {[%clk 0:03:55]} Rxe4
{[%clk 0:09:15]} 29. Rbd1 {[%clk 0:03:23]} Qc5+ {[%clk 0:07:01]} 30. Kh1
{[%clk 0:02:45]} Rde8 {[%clk 0:06:17]} 31. Qh3 {[%clk 0:01:49]} Qe3
{[%clk 0:04:51]} 32. Bf3 {[%clk 0:01:21]} Bg5 {[%clk 0:04:57]} 33. Kg2
{[%clk 0:01:01]} R4e7 {[%clk 0:03:34]} 34. Rd4 {[%clk 0:00:55]} Rg7
{[%clk 0:03:22]} 35. Kh1 {[%clk 0:00:43]} Ne4 0-1

[Event "World Chess Olympiad 2018"]
[Site "Batumi"]
[Date "2018.09.28"]
[Round "5"]
[Board "4"]
[WhiteFideId "5600405"]
[White "Said Oliver"]
[BlackFideId "8800820"]
[Black "Dacres Don"]
[Result "1/2-1/2"]
[LiveChessVersion "1.4.8"]
[BlackElo "1780"]
[WhiteElo "1924"]

1. e4 {[%clk 1:30:57]} c5 {[%clk 1:29:10]} 2. Nf3 {[%clk 1:31:13]} d6
{[%clk 1:28:55]} 3. d4 {[%clk 1:31:38]} cxd4 {[%clk 1:29:11]} 4. Nxd4
{[%clk 1:32:06]} Nc6 {[%clk 1:29:07]} 5. Nc3 {[%clk 1:31:32]} a6 {[%clk 1:28:52]}
6. Be3 {[%clk 1:28:35]} Nf6 {[%clk 1:28:44]} 7. Be2 {[%clk 1:28:02]} Bd7
{[%clk 1:26:36]} 8. O-O {[%clk 1:27:00]} e6 {[%clk 1:23:52]} 9. f4
{[%clk 1:24:05]} Be7 {[%clk 1:22:05]} 10. f5 {[%clk 1:22:55]} Nxd4
{[%clk 1:16:40]} 11. Bxd4 {[%clk 1:20:23]} e5 {[%clk 1:16:16]} 12. Be3
{[%clk 1:20:12]} Bc6 {[%clk 1:16:11]} 13. Nd5 {[%clk 1:10:03]} Bxd5
{[%clk 1:14:51]} 14. exd5 {[%clk 1:10:22]} O-O {[%clk 1:13:18]} 15. c4
{[%clk 1:08:28]} b6 {[%clk 1:03:59]} 16. b4 {[%clk 0:53:07]} Nd7 {[%clk 1:01:29]}
17. Qd3 {[%clk 0:50:06]} Bg5 {[%clk 0:59:41]} 18. Bf2 {[%clk 0:43:55]} Re8
{[%clk 0:59:24]} 19. Qe4 {[%clk 0:39:48]} Nf6 {[%clk 0:59:08]} 20. Qf3
{[%clk 0:39:15]} e4 {[%clk 0:56:01]} 21. Qg3 {[%clk 0:33:00]} e3 {[%clk 0:55:12]}
22. Qxg5 {[%clk 0:32:22]} exf2+ {[%clk 0:55:29]} 23. Rxf2 {[%clk 0:32:36]} Ne4
{[%clk 0:55:41]} 24. Qxd8 {[%clk 0:32:28]} Raxd8 {[%clk 0:55:56]} 25. Rf4
{[%clk 0:31:00]} Nc3 {[%clk 0:46:41]} 26. Bf3 {[%clk 0:29:50]} Ne2+
{[%clk 0:45:47]} 27. Bxe2 {[%clk 0:30:17]} Rxe2 {[%clk 0:45:36]} 28. Rf2
{[%clk 0:27:47]} Re4 {[%clk 0:44:36]} 29. Rc1 {[%clk 0:25:36]} Rc8
{[%clk 0:44:32]} 30. Rfc2 {[%clk 0:24:43]} Kf8 {[%clk 0:37:05]} 31. c5
{[%clk 0:15:52]} dxc5 {[%clk 0:37:07]} 32. bxc5 {[%clk 0:15:40]} bxc5
{[%clk 0:37:27]} 33. Rxc5 {[%clk 0:15:48]} Re1+ {[%clk 0:37:43]} 34. Rxe1
{[%clk 0:15:42]} Rxc5 {[%clk 0:38:07]} 35. Rd1 {[%clk 0:14:09]} Ke7
{[%clk 0:38:26]} 36. Rd2 {[%clk 0:05:26]} Kd6 {[%clk 0:38:37]} 37. g4
{[%clk 0:04:08]} Rxd5 {[%clk 0:38:56]} 38. Rb2 {[%clk 0:03:37]} Ke5
{[%clk 0:37:10]} 39. Kf2 {[%clk 0:03:41]} g6 {[%clk 0:34:49]} 40. fxg6
{[%clk 0:33:19]} hxg6 {[%clk 1:05:00]} 41. Ke3 {[%clk 0:31:19]} f5
{[%clk 0:59:16]} 42. gxf5 {[%clk 0:29:09]} gxf5 {[%clk 0:53:06]} 43. Rb4
{[%clk 0:10:31]} Rc5 {[%clk 0:48:28]} 44. Ra4 {[%clk 0:10:58]} Rc3+
{[%clk 0:47:13]} 45. Kf2 {[%clk 0:10:59]} Rc2+ {[%clk 0:44:13]} 46. Kg3
{[%clk 0:11:17]} Rc3+ {[%clk 0:43:25]} 47. Kh4 {[%clk 0:11:06]} Rc2
{[%clk 0:41:19]} 48. h3 {[%clk 0:11:21]} Rg2 {[%clk 0:39:27]} 49. Rxa6
{[%clk 0:07:41]} f4 {[%clk 0:39:45]} 50. Ra8 {[%clk 0:05:17]} f3 {[%clk 0:39:40]}
51. a4 {[%clk 0:04:37]} Rg6 {[%clk 0:39:59]} 52. Rf8 {[%clk 0:04:05]} Ke4
{[%clk 0:39:57]} 53. Kh5 {[%clk 0:03:38]} Rg7 {[%clk 0:39:02]} 54. h4
{[%clk 0:02:20]} Ke3 {[%clk 0:39:18]} 55. a5 {[%clk 0:00:56]} f2 {[%clk 0:39:45]}
56. a6 {[%clk 0:01:16]} Ke2 {[%clk 0:39:48]} 57. a7 {[%clk 0:01:30]} Rxa7
{[%clk 0:40:00]} 58. Kg6 {[%clk 0:01:32]} Ra6+ {[%clk 0:39:23]} 59. Kg7
{[%clk 0:01:31]} Ra3 {[%clk 0:39:25]} 60. Rxf2+ {[%clk 0:01:46]} Kxf2
{[%clk 0:39:46]} 61. h5 {[%clk 0:02:13]} Rg3+ {[%clk 0:40:03]} 62. Kf7
{[%clk 0:02:26]} Rh3 {[%clk 0:39:39]} 63. Kg6 {[%clk 0:02:50]} Rg3+
{[%clk 0:35:21]} 64. Kf7 {[%clk 0:03:07]} Rh3 {[%clk 0:34:44]} 65. Kg6
{[%clk 0:03:32]} Kf3 {[%clk 0:34:53]} 66. h6 {[%clk 0:03:58]} Kf4
{[%clk 0:34:40]} 67. h7 {[%clk 0:04:19]} Ke5 {[%clk 0:33:41]} 1/2-1/2

[Event "World Chess Olympiad 2018"]
[Site "Batumi"]
[Date "2018.09.28"]
[Round "5"]
[Board "1"]
[WhiteFideId "24149942"]
[White "Varezhkin Viktor"]
[BlackFideId "15400263"]
[Black "Wong Kai Meng"]
[Result "1-0"]
[LiveChessVersion "1.4.8"]
[BlackElo "1661"]
[WhiteElo "2261"]

1. e4 {[%clk 1:30:54]} e6 {[%clk 1:30:35]} 2. d4 {[%clk 1:31:17]} d5
{[%clk 1:30:50]} 3. e5 {[%clk 1:31:41]} c5 {[%clk 1:30:30]} 4. c3
{[%clk 1:32:04]} Nc6 {[%clk 1:29:39]} 5. Nf3 {[%clk 1:32:23]} Be7
{[%clk 1:27:22]} 6. a3 {[%clk 1:31:41]} Qb6 {[%clk 1:25:04]} 7. b4
{[%clk 1:31:01]} c4 {[%clk 1:19:39]} 8. a4 {[%clk 1:30:47]} a6 {[%clk 1:15:55]}
9. g3 {[%clk 1:29:21]} Bd7 {[%clk 1:15:44]} 10. h4 {[%clk 1:29:38]} O-O-O
{[%clk 1:14:12]} 11. Bh3 {[%clk 1:25:37]} h6 {[%clk 1:10:57]} 12. a5
{[%clk 1:21:51]} Qc7 {[%clk 1:09:36]} 13. Bf4 {[%clk 1:22:08]} Na7
{[%clk 1:08:29]} 14. Nbd2 {[%clk 1:20:44]} Nb5 {[%clk 1:08:19]} 15. Qc2
{[%clk 1:19:35]} Kb8 {[%clk 1:02:43]} 16. Kf1 {[%clk 1:14:59]} Ka8
{[%clk 1:02:28]} 17. Kg2 {[%clk 1:15:15]} Rc8 {[%clk 0:57:17]} 18. Rae1
{[%clk 1:09:50]} Qd8 {[%clk 0:54:30]} 19. Nb1 {[%clk 1:07:45]} Qc7
{[%clk 0:53:56]} 20. Qb2 {[%clk 1:05:22]} Bf8 {[%clk 0:50:00]} 21. Na3
{[%clk 1:03:34]} Ne7 {[%clk 0:46:44]} 22. Nc2 {[%clk 1:03:17]} Nc6
{[%clk 0:44:57]} 23. Qa1 {[%clk 0:59:27]} Re8 {[%clk 0:44:45]} 24. g4
{[%clk 0:58:31]} g6 {[%clk 0:38:16]} 25. h5 {[%clk 0:50:39]} g5 {[%clk 0:29:05]}
26. Bg3 {[%clk 0:50:31]} Qd8 {[%clk 0:28:44]} 27. Re3 {[%clk 0:50:34]} Be7
{[%clk 0:28:15]} 28. Rhe1 {[%clk 0:50:51]} Ref8 {[%clk 0:26:33]} 29. R1e2
{[%clk 0:50:17]} Bc8 {[%clk 0:26:15]} 30. Qe1 {[%clk 0:50:15]} Rhg8
{[%clk 0:25:41]} 31. Kg1 {[%clk 0:50:03]} Bd7 {[%clk 0:25:29]} 32. Bg2
{[%clk 0:50:16]} Bc8 {[%clk 0:24:56]} 33. Qd2 {[%clk 0:50:23]} Bd7
{[%clk 0:25:05]} 34. Re1 {[%clk 0:47:43]} Bc8 {[%clk 0:25:24]} 35. R3e2
{[%clk 0:48:03]} Bd7 {[%clk 0:25:15]} 36. Ne3 {[%clk 0:48:23]} Bc8
{[%clk 0:25:09]} 37. Nd1 {[%clk 0:48:47]} Qd7 {[%clk 0:21:42]} 38. Re3
{[%clk 0:49:02]} Rh8 {[%clk 0:21:16]} 39. Nb2 {[%clk 0:49:02]} Bd8
{[%clk 0:20:06]} 40. Na4 {[%clk 1:19:17]} Ka7 {[%clk 0:50:05]} 41. Bf1
{[%clk 1:18:03]} Rhg8 {[%clk 0:48:17]} 42. Kg2 {[%clk 1:17:53]} Rg7
{[%clk 0:48:27]} 43. Be2 {[%clk 1:18:12]} Qe8 {[%clk 0:47:30]} 44. Bd1
{[%clk 1:18:28]} Nb8 {[%clk 0:47:17]} 45. Ng1 {[%clk 1:16:46]} Rfg8
{[%clk 0:46:41]} 46. Nh3 {[%clk 1:13:20]} Nd7 {[%clk 0:46:18]} 47. Rf1
{[%clk 1:11:46]} Be7 {[%clk 0:26:22]} 48. Kh2 {[%clk 1:11:53]} Qd8
{[%clk 0:25:12]} 49. f4 {[%clk 1:10:00]} Rh7 {[%clk 0:23:29]} 50. fxg5
{[%clk 1:07:21]} hxg5 {[%clk 0:23:31]} 51. Bc2 {[%clk 1:07:08]} Rhh8
{[%clk 0:17:21]} 52. Rxf7 {[%clk 1:07:07]} Rf8 {[%clk 0:17:12]} 53. Rxf8
{[%clk 1:07:02]} Bxf8 {[%clk 0:16:30]} 54. Rf3 {[%clk 1:07:13]} Bh6
{[%clk 0:16:55]} 55. Be1 {[%clk 1:05:56]} Rf8 {[%clk 0:16:22]} 56. Rxf8
{[%clk 1:05:04]} Qxf8 {[%clk 0:16:42]} 57. Qf2 {[%clk 1:03:07]} Qxf2+
{[%clk 0:15:43]} 58. Bxf2 {[%clk 1:02:16]} Na3 {[%clk 0:15:39]} 59. Bd1
{[%clk 1:00:48]} Nb1 {[%clk 0:15:03]} 60. Be1 {[%clk 1:00:05]} b6
{[%clk 0:14:04]} 61. axb6+ {[%clk 0:52:58]} Nxb6 {[%clk 0:14:25]} 62. Nc5
{[%clk 0:53:06]} Na8 {[%clk 0:14:35]} 63. Bc2 {[%clk 0:53:01]} Na3 64. Bd2
{[%clk 0:52:44]} Nxc2 {[%clk 0:14:42]} 65. Bxg5 {[%clk 0:53:08]} Bf8
{[%clk 0:00:40]} 66. h6 {[%clk 0:52:30]} 1-0

[Event "World Chess Olympiad 2018"]
[Site "Batumi"]
[Date "2018.09.28"]
[Round "5"]
[Board "2"]
[WhiteFideId "15400344"]
[White "Ieong Seak Hin"]
[BlackFideId "410551"]
[Black "Martin Lewis"]
[Result "1/2-1/2"]
[LiveChessVersion "1.4.8"]
[BlackElo "2128"]
[WhiteElo "1825"]

1. e4 {[%clk 1:30:52]} c5 {[%clk 1:30:52]} 2. d3 {[%clk 1:31:18]} Nc6
{[%clk 1:31:08]} 3. g3 {[%clk 1:31:36]} g6 {[%clk 1:31:00]} 4. Bg2
{[%clk 1:32:01]} Bg7 {[%clk 1:31:25]} 5. f4 {[%clk 1:32:22]} e6 {[%clk 1:30:50]}
6. Nf3 {[%clk 1:32:47]} Nge7 {[%clk 1:31:05]} 7. O-O {[%clk 1:32:53]} O-O
{[%clk 1:29:23]} 8. c3 {[%clk 1:33:12]} d5 {[%clk 1:26:57]} 9. e5
{[%clk 1:33:11]} d4 {[%clk 1:25:12]} 10. Na3 {[%clk 1:29:47]} Bd7
{[%clk 1:17:13]} 11. Rb1 {[%clk 1:20:21]} Nd5 {[%clk 1:12:40]} 12. Bd2
{[%clk 1:19:00]} a6 {[%clk 1:05:45]} 13. Nc2 {[%clk 1:03:39]} Qb6
{[%clk 1:01:45]} 14. Qe2 {[%clk 0:55:03]} Rfd8 {[%clk 1:00:05]} 15. cxd4
{[%clk 0:47:46]} cxd4 {[%clk 0:59:00]} 16. Qe4 {[%clk 0:48:02]} f5
{[%clk 0:43:19]} 17. exf6 {[%clk 0:48:04]} Bxf6 {[%clk 0:42:22]} 18. Bh3
{[%clk 0:47:17]} Nc7 {[%clk 0:36:13]} 19. Na3 {[%clk 0:42:37]} Ne7
{[%clk 0:33:04]} 20. Nc4 {[%clk 0:35:09]} Qc6 {[%clk 0:32:57]} 21. Qe2
{[%clk 0:34:23]} Bc8 {[%clk 0:30:17]} 22. Rbc1 {[%clk 0:34:24]} b5
{[%clk 0:28:51]} 23. Ba5 {[%clk 0:33:18]} bxc4 {[%clk 0:23:47]} 24. Rxc4
{[%clk 0:33:43]} Qd5 {[%clk 0:22:43]} 25. Bxc7 {[%clk 0:32:26]} Rf8
{[%clk 0:23:04]} 26. Bg2 {[%clk 0:31:37]} Ra7 {[%clk 0:20:07]} 27. Ng5
{[%clk 0:29:35]} Qd7 {[%clk 0:18:50]} 28. Bb8 {[%clk 0:29:19]} Rb7
{[%clk 0:17:56]} 29. Bxb7 {[%clk 0:29:28]} Bxb7 {[%clk 0:18:18]} 30. Be5
{[%clk 0:27:29]} Bxg5 {[%clk 0:17:31]} 31. fxg5 {[%clk 0:27:50]} Qd5
{[%clk 0:13:59]} 32. Rxf8+ {[%clk 0:27:14]} Kxf8 {[%clk 0:14:25]} 33. Rxd4
{[%clk 0:22:30]} Qh1+ {[%clk 0:14:48]} 34. Kf2 {[%clk 0:22:55]} Nf5
{[%clk 0:14:18]} 35. Rd8+ {[%clk 0:19:34]} Kf7 {[%clk 0:14:30]} 36. g4
{[%clk 0:18:50]} Nh4 {[%clk 0:12:45]} 37. Ke3 {[%clk 0:17:34]} Qc1+
{[%clk 0:11:38]} 38. Kf2 {[%clk 0:14:35]} Bf3 {[%clk 0:10:49]} 39. Qf1
{[%clk 0:10:08]} Qxg5 {[%clk 0:08:18]} 40. Rd7+ {[%clk 0:34:42]} Ke8
{[%clk 0:38:26]} 41. Rxh7 {[%clk 0:34:13]} Bxg4 {[%clk 0:34:04]} 42. Rxh4
{[%clk 0:28:33]} Qxh4+ {[%clk 0:34:26]} 43. Ke3 {[%clk 0:27:47]} Bf5
{[%clk 0:33:30]} 44. Kd2 {[%clk 0:22:53]} Qb4+ {[%clk 0:32:00]} 45. Bc3
{[%clk 0:23:06]} Qd6 {[%clk 0:32:16]} 46. Qe2 {[%clk 0:22:31]} Qf4+
{[%clk 0:32:27]} 47. Kc2 {[%clk 0:22:05]} Qa4+ {[%clk 0:32:52]} 48. Kb1
{[%clk 0:20:35]} Qc4 {[%clk 0:33:11]} 49. Kc2 {[%clk 0:19:50]} Qxa2
{[%clk 0:33:30]} 50. Qf3 {[%clk 0:19:44]} Qa4+ {[%clk 0:32:57]} 51. Kd2
{[%clk 0:19:54]} Qb5 {[%clk 0:32:14]} 52. Qa8+ {[%clk 0:19:25]} Kd7
{[%clk 0:32:16]} 53. Qa7+ {[%clk 0:19:22]} Kc6 {[%clk 0:32:24]} 54. Qa8+
{[%clk 0:19:02]} Kd7 {[%clk 0:32:47]} 55. Qa7+ {[%clk 0:19:21]} Kc6
{[%clk 0:33:10]} 56. Qa8+ {[%clk 0:19:45]} 1/2-1/2

[Event "World Chess Olympiad 2018"]
[Site "Batumi"]
[Date "2018.09.28"]
[Round "5"]
[Board "3"]
[WhiteFideId "12805165"]
[White "Jankunas Tomas"]
[BlackFideId "15400166"]
[Black "Mak Tong Kuan"]
[Result "1-0"]
[LiveChessVersion "1.4.8"]
[BlackElo "1840"]
[WhiteElo "2093"]

1. e4 {[%clk 1:30:51]} c5 {[%clk 1:30:48]} 2. c3 {[%clk 1:31:13]} Nf6
{[%clk 1:30:54]} 3. e5 {[%clk 1:31:24]} Nd5 {[%clk 1:31:15]} 4. d4
{[%clk 1:31:44]} cxd4 {[%clk 1:31:40]} 5. Nf3 {[%clk 1:32:08]} Nc6
{[%clk 1:26:55]} 6. cxd4 {[%clk 1:32:02]} e6 {[%clk 1:25:49]} 7. Bc4
{[%clk 1:30:32]} d6 {[%clk 1:25:59]} 8. O-O {[%clk 1:25:55]} Be7 {[%clk 1:18:32]}
9. Qe2 {[%clk 1:25:43]} O-O {[%clk 1:15:55]} 10. Nc3 {[%clk 1:25:00]} Nxc3
{[%clk 1:00:15]} 11. bxc3 {[%clk 1:25:17]} Qc7 {[%clk 0:59:29]} 12. Bd2
{[%clk 1:13:25]} Bd7 {[%clk 0:40:23]} 13. Bd3 {[%clk 0:54:24]} g6
{[%clk 0:36:15]} 14. Rfe1 {[%clk 0:50:54]} Rfd8 {[%clk 0:29:33]} 15. Rac1
{[%clk 0:36:43]} dxe5 {[%clk 0:23:48]} 16. dxe5 {[%clk 0:37:04]} Be8
{[%clk 0:21:52]} 17. Bb1 {[%clk 0:36:10]} Rd5 {[%clk 0:20:24]} 18. Qc4
{[%clk 0:23:47]} Rad8 {[%clk 0:14:38]} 19. Bg5 {[%clk 0:15:26]} Bxg5
{[%clk 0:08:31]} 20. Nxg5 {[%clk 0:15:48]} Rxe5 {[%clk 0:05:22]} 21. Qh4
{[%clk 0:14:51]} h5 {[%clk 0:05:00]} 22. Ne4 {[%clk 0:11:33]} Qa5
{[%clk 0:00:54]} 23. Qf4 {[%clk 0:10:39]} Kg7 {[%clk 0:00:31]} 24. h4
{[%clk 0:08:34]} Rdd5 {[%clk 0:00:59]} 25. Nf6 {[%clk 0:05:32]} Rxe1+
{[%clk 0:01:07]} 26. Rxe1 {[%clk 0:05:55]} Rd8 {[%clk 0:01:10]} 27. Ne4
{[%clk 0:04:41]} f5 {[%clk 0:00:38]} 28. Ng5 {[%clk 0:04:29]} Qxc3
{[%clk 0:00:39]} 29. Nxe6+ {[%clk 0:03:59]} Kh7 {[%clk 0:00:45]} 30. Rc1
{[%clk 0:02:53]} Qd2 {[%clk 0:00:38]} 31. Qc4 {[%clk 0:02:35]} Rd7
{[%clk 0:00:36]} 32. Nf8+ {[%clk 0:02:47]} Kg7 {[%clk 0:00:46]} 33. Nxd7
{[%clk 0:02:42]} Qxd7 {[%clk 0:01:00]} 34. Bc2 {[%clk 0:02:10]} Bf7
{[%clk 0:00:55]} 35. Qc3+ {[%clk 0:02:24]} Qd4 {[%clk 0:01:03]} 36. Bb3
{[%clk 0:01:57]} Qxc3 {[%clk 0:00:38]} 37. Rxc3 {[%clk 0:02:18]} Nd4
{[%clk 0:00:33]} 38. Rc7 {[%clk 0:02:02]} Nxb3 {[%clk 0:00:56]} 39. axb3
{[%clk 0:02:26]} Kf6 {[%clk 0:01:25]} 40. Rxb7 {[%clk 0:32:35]} Bd5
{[%clk 0:31:27]} 41. Rxa7 {[%clk 0:31:39]} Bxb3 {[%clk 0:31:52]} 42. f4
{[%clk 0:31:57]} Ke6 {[%clk 0:27:59]} 43. Kf2 {[%clk 0:31:53]} Bd5
{[%clk 0:14:46]} 44. g3 {[%clk 0:31:18]} Bc6 {[%clk 0:04:19]} 45. Ra5
{[%clk 0:31:06]} Kd6 {[%clk 0:03:23]} 46. Ke3 {[%clk 0:31:29]} Be8
{[%clk 0:01:55]} 47. Kd4 {[%clk 0:31:44]} Bf7 {[%clk 0:01:01]} 48. Ra6+
{[%clk 0:31:38]} Ke7 {[%clk 0:00:38]} 49. Ke5 {[%clk 0:32:02]} Be8
{[%clk 0:00:49]} 50. Ra7+ 1-0